United Nations Organizations - Statistics

General Stats
  • This quiz has been taken 121 times
  • The average score is 11 of 51
Answer Stats
Organization/Agency % Correct
International Civil Service Commission (UN)
96%
UN International Children's Emergency Fund (UNICEF)
77%
World Health Organization (WHO)
77%
United Nations Educational, Scientific and Cultural Organization (UNESCO)
74%
Office of the UN High Commissioner for Refugees (UNHCR)
47%
Food and Agriculture Organization (FAO)
44%
World Trade Organization (WTO)
40%
World Food Programme (WFP)
38%
International Monetary Fund (IMF)
37%
World Bank Group
36%
UN Development Programme (UNDP)
34%
International Labour Organization (ILO)
33%
International Atomic Energy Agency (IAEA)
30%
International Civil Aviation Organization (ICAO)
29%
United Nations Industrial Development Organization (UNIDO)
26%
International Fund for Agricultural Development (IFAD)
25%
Joint UN Programme on HIV/AIDS (UNAIDS)
23%
United Nations Environment Programme (UNEP)
23%
UN Women (UN Women)
23%
World Intellectual Property Organization (WIPO)
23%
International Telecommunication Union (ITU)
22%
International Maritime Organization (IMO)
21%
International Organization for Migration (IOM)
19%
United Nations Relief and Works Agency for Palestine Refugees in the Near East (UNRWA)
18%
United Nations Office for Project Services (UNOPS)
16%
United Nations Population Fund (UNFPA)
16%
Universal Postal Union (UPU)
16%
World Meteorological Organization (WMO)
16%
United Nations Human Settlements Programme (UN-HABITAT)
15%
World Tourism Organization (UNWTO)
15%
United Nations University (UNU)
12%
Organisation for the Prohibition of Chemical Weapons (OPCW)
11%
United Nations Institute for Disarmament Research (UNIDIR)
11%
United Nations Institute for Training and Research (UNITAR)
11%
International Trade Centre (ITC)
10%
Office of the United Nations High Commissioner for Human Rights (OHCHR)
10%
United Nations Conference on Trade and Development (UNCTAD)
10%
United Nations System Staff College (UNSSC)
10%
Preparatory Commission for the Comprehensive Nuclear-Test-Ban Treaty Organization (CTBTO)
8%
United Nations Framework Convention on Climate Change (UNFCCC)
8%
United NationsEconomic and Social Commission for Western Asia (ESCWA)
4%
International Computing Centre (UNICC)
3%
Joint Inspection Unit (JIU)
3%
United Nations Economic and Social Commission for Asia and the Pacific (ESCAP)
3%
United Nations Research Institute for Social Development (UNRISD)
3%
United Nations Economic Commission for Africa (UNECA)
1%
United Nations Economic Commission for Europe (UNECE)
1%
United Nations Economic Commission for Latin America and the Caribbean (ECLAC)
1%
United Nations International Strategy for Disaster Reduction (UNISDR)
1%
United Nations Interregional Crime and Justice Research Institute (UNICRI)
1%
United Nations Office on Drugs and Crime (UNODC)
1%
No matching quizzes found
Score Distribution
Percent of People with Each Score
Percentile by Number Answered
Your Score History
You have not taken this quiz